[Event "IMP Kobiet do lat 20"]
[Site "Chotowa"]
[Date "2023.10.31"]
[Round "4.8"]
[White "Zgoda, Aleksandra"]
[Black "Dylag, Emilia"]
[Result "0-1"]
[BlackElo "2163"]
[WhiteElo "1536"]
[LiveChessVersion "1.4.8"]

1. d4 {[%clk 1:30:54]} Nf6 {[%clk 1:29:56]} 2. Bf4 {[%clk 1:31:03]} g6
{[%clk 1:30:16]} 3. Nc3 {[%clk 1:30:36]} d5 {[%clk 1:30:21]} 4. e3
{[%clk 1:30:33]} Bg7 {[%clk 1:30:28]} 5. h4 {[%clk 1:30:10]} h6 {[%clk 1:27:11]}
6. Be2 {[%clk 1:25:57]} c6 {[%clk 1:19:57]} 7. Qd2 {[%clk 1:22:12]} Nbd7
{[%clk 1:18:46]} 8. Nf3 {[%clk 1:15:02]} b5 {[%clk 1:00:44]} 9. Bxb5
{[%clk 0:57:24]} cxb5 {[%clk 0:58:59]} 10. Nxb5 {[%clk 0:57:19]} O-O
{[%clk 0:58:23]} 11. Bc7 {[%clk 0:54:16]} Qe8 {[%clk 0:58:44]} 12. Bh2
{[%clk 0:48:48]} Ne4 {[%clk 0:43:16]} 13. Qa5 {[%clk 0:36:21]} Bb7
{[%clk 0:35:22]} 14. Nc7 {[%clk 0:25:16]} Qd8 {[%clk 0:35:15]} 15. Qb5
{[%clk 0:22:47]} Rb8 {[%clk 0:29:20]} 16. Ne6 {[%clk 0:14:08]} fxe6
{[%clk 0:29:23]} 17. Bxb8 {[%clk 0:14:31]} Qc8 {[%clk 0:25:43]} 18. Bxa7
{[%clk 0:10:56]} Ba6 {[%clk 0:24:11]} 19. Qa4 {[%clk 0:08:13]} Qb7
{[%clk 0:23:21]} 20. b4 {[%clk 0:07:39]} Bb5 {[%clk 0:22:54]} 21. Qa5
{[%clk 0:06:43]} Ra8 {[%clk 0:22:39]} 22. Qa3 {[%clk 0:03:49]} Rxa7
{[%clk 0:22:46]} 23. Qb3 {[%clk 0:04:14]} Ba4 {[%clk 0:20:00]} 24. Qb2
{[%clk 0:04:10]} Qb5 {[%clk 0:19:15]} 25. Nd2 {[%clk 0:04:00]} Nxd2
{[%clk 0:17:55]} 26. Kxd2 {[%clk 0:04:28]} Rc7 {[%clk 0:16:46]} 27. Rac1
{[%clk 0:03:55]} e5 {[%clk 0:16:09]} 28. c3 {[%clk 0:04:15]} Nb6 {[%clk 0:16:03]}
29. Qb1 {[%clk 0:04:25]} Rc6 {[%clk 0:14:44]} 30. h5 {[%clk 0:03:51]} e4
{[%clk 0:13:38]} 31. f3 {[%clk 0:02:45]} Nc4+ {[%clk 0:13:33]} 32. Ke1
{[%clk 0:03:09]} Nxe3 {[%clk 0:12:20]} 33. Kf2 {[%clk 0:03:25]} Nc4
{[%clk 0:11:59]} 34. fxe4 {[%clk 0:03:37]} Nd2 {[%clk 0:11:53]} 35. Qb2
{[%clk 0:03:26]} Nxe4+ {[%clk 0:12:16]} 36. Kg1 {[%clk 0:03:05]} Qd3
{[%clk 0:11:36]} 37. Rh3 {[%clk 0:02:51]} Qc4 {[%clk 0:11:36]} 38. Qa3
{[%clk 0:01:43]} Bxd4+ {[%clk 0:10:27]} 39. Kh2 {[%clk 0:01:29]} Be5+
{[%clk 0:10:53]} 40. Kg1 {[%clk 0:31:45]} Nxc3 {[%clk 0:38:47]} 41. Kh1
{[%clk 0:27:40]} Rf6 {[%clk 0:37:45]} 42. Rg1 {[%clk 0:23:40]} Nd1
{[%clk 0:37:39]} 43. Rf3 {[%clk 0:23:07]} Qh4+ {[%clk 0:38:00]} 0-1

[Event "IMP Kobiet do lat 20"]
[Site "Chotowa"]
[Date "2023.10.31"]
[Round "4.9"]
[White "Bukala, Weronika"]
[Black "Slusarczyk, Anna"]
[Result "0-1"]
[BlackElo "1730"]
[WhiteElo "1917"]
[LiveChessVersion "1.4.8"]

1. e4 {[%clk 1:30:17]} c5 {[%clk 1:30:57]} 2. Nf3 {[%clk 1:30:38]} e6
{[%clk 1:31:21]} 3. d4 {[%clk 1:30:44]} cxd4 {[%clk 1:31:44]} 4. Nxd4
{[%clk 1:31:07]} a6 {[%clk 1:32:09]} 5. Bd3 {[%clk 1:31:08]} Bc5 {[%clk 1:32:29]}
6. Nb3 {[%clk 1:31:30]} Ba7 {[%clk 1:32:53]} 7. O-O {[%clk 1:31:22]} Nc6
{[%clk 1:33:17]} 8. Qe2 {[%clk 1:30:28]} d6 {[%clk 1:32:34]} 9. Be3
{[%clk 1:24:48]} Nf6 {[%clk 1:30:54]} 10. Bxa7 {[%clk 1:19:31]} Rxa7
{[%clk 1:30:18]} 11. c4 {[%clk 1:19:54]} e5 {[%clk 1:28:50]} 12. Nc3
{[%clk 1:15:13]} O-O {[%clk 1:28:38]} 13. Rad1 {[%clk 0:57:34]} b6
{[%clk 1:13:48]} 14. Bb1 {[%clk 0:55:38]} Be6 {[%clk 1:11:02]} 15. Nd5
{[%clk 0:54:20]} Bxd5 {[%clk 0:58:14]} 16. exd5 {[%clk 0:54:36]} Ne7
{[%clk 0:58:15]} 17. f4 {[%clk 0:53:36]} Nd7 {[%clk 0:51:12]} 18. Rf3
{[%clk 0:39:01]} f6 {[%clk 0:38:37]} 19. Kh1 {[%clk 0:33:15]} a5 {[%clk 0:37:03]}
20. Rh3 {[%clk 0:30:12]} f5 {[%clk 0:36:17]} 21. fxe5 {[%clk 0:27:15]} dxe5
{[%clk 0:32:19]} 22. d6 {[%clk 0:27:33]} Ng6 {[%clk 0:31:17]} 23. Qh5
{[%clk 0:13:16]} Nf6 {[%clk 0:29:45]} 24. Qxf5 {[%clk 0:11:21]} Raf7
{[%clk 0:29:28]} 25. Kg1 {[%clk 0:10:42]} Nd5 {[%clk 0:22:58]} 26. Qh5
{[%clk 0:09:15]} Nf6 {[%clk 0:23:12]} 27. Qg5 {[%clk 0:07:51]} Nf4
{[%clk 0:21:27]} 28. Re3 {[%clk 0:07:45]} h6 {[%clk 0:18:13]} 29. Qh4
{[%clk 0:05:17]} g5 {[%clk 0:17:53]} 30. Qg3 {[%clk 0:05:05]} N6h5
{[%clk 0:14:18]} 31. Qe1 {[%clk 0:04:34]} Qd7 {[%clk 0:13:48]} 32. h3
{[%clk 0:04:26]} g4 {[%clk 0:11:21]} 33. h4 {[%clk 0:04:34]} g3 {[%clk 0:11:11]}
34. Rf3 {[%clk 0:01:48]} Nh3+ {[%clk 0:11:22]} 35. Kf1 {[%clk 0:01:32]} Rxf3+
{[%clk 0:11:44]} 36. gxf3 {[%clk 0:02:00]} Rxf3+ {[%clk 0:12:06]} 37. Ke2
{[%clk 0:02:21]} Rf2+ {[%clk 0:11:38]} 38. Kd3 {[%clk 0:01:35]} N3f4+
{[%clk 0:10:33]} 39. Ke3 {[%clk 0:01:12]} Ng2+ {[%clk 0:10:58]} 0-1

[Event "IMP Kobiet do lat 20"]
[Site "Chotowa"]
[Date "2023.10.31"]
[Round "4.10"]
[White "Siekanska, Zuzanna"]
[Black "Woytitzki, Sophie"]
[Result "1-0"]
[BlackElo "1259"]
[WhiteElo "1885"]
[LiveChessVersion "1.4.8"]

1. d4 {[%clk 1:30:55]} Nf6 {[%clk 1:30:54]} 2. c4 {[%clk 1:31:21]} g6
{[%clk 1:31:20]} 3. Nc3 {[%clk 1:31:47]} d5 {[%clk 1:31:23]} 4. cxd5
{[%clk 1:32:02]} Nxd5 {[%clk 1:31:48]} 5. e4 {[%clk 1:32:27]} Nxc3
{[%clk 1:32:13]} 6. bxc3 {[%clk 1:32:53]} Bg7 {[%clk 1:32:38]} 7. Qa4+
{[%clk 1:32:55]} Nd7 {[%clk 1:33:01]} 8. Nf3 {[%clk 1:32:49]} O-O
{[%clk 1:33:22]} 9. Bg5 {[%clk 1:32:04]} c5 {[%clk 1:27:45]} 10. Qa3
{[%clk 1:32:28]} Qc7 {[%clk 1:27:25]} 11. Be2 {[%clk 1:31:59]} cxd4
{[%clk 1:22:47]} 12. cxd4 {[%clk 1:30:42]} Qb6 {[%clk 1:14:52]} 13. Rd1
{[%clk 1:26:46]} a5 {[%clk 1:13:58]} 14. O-O {[%clk 1:26:53]} e6 {[%clk 1:13:29]}
15. Rb1 {[%clk 1:24:41]} Qa7 {[%clk 1:12:16]} 16. Be7 {[%clk 1:22:10]} Re8
{[%clk 1:12:25]} 17. e5 {[%clk 1:22:22]} b6 {[%clk 1:12:28]} 18. Bd6
{[%clk 1:20:17]} Bb7 {[%clk 1:11:31]} 19. Bb5 {[%clk 1:17:34]} Ba6
{[%clk 1:09:01]} 20. Qa4 {[%clk 1:06:10]} Bxb5 {[%clk 1:08:15]} 21. Qxb5
{[%clk 1:06:35]} Bf8 {[%clk 1:07:30]} 22. Bxf8 {[%clk 0:59:02]} Rxf8
{[%clk 1:07:26]} 23. Ng5 {[%clk 0:59:20]} Qb7 {[%clk 1:06:01]} 24. Rfe1
{[%clk 0:58:23]} Rfd8 {[%clk 1:05:17]} 25. Ne4 {[%clk 0:54:15]} Qd5
{[%clk 1:02:35]} 26. Qxd5 {[%clk 0:53:16]} exd5 {[%clk 1:02:59]} 27. Nc3
{[%clk 0:53:41]} Rdb8 {[%clk 1:01:46]} 28. Nxd5 {[%clk 0:53:22]} Kg7
{[%clk 1:01:16]} 29. Nc7 {[%clk 0:50:57]} Ra7 {[%clk 1:01:16]} 30. Nb5
{[%clk 0:51:19]} Raa8 {[%clk 1:01:01]} 31. g3 {[%clk 0:49:20]} Rc8
{[%clk 1:00:46]} 32. Rbc1 {[%clk 0:48:52]} Rab8 {[%clk 1:00:43]} 33. a4
{[%clk 0:48:31]} Nf8 {[%clk 0:59:43]} 34. Kg2 {[%clk 0:43:33]} Ne6
{[%clk 0:59:40]} 35. f4 {[%clk 0:42:25]} h5 {[%clk 0:58:46]} 36. h3
{[%clk 0:41:39]} Rd8 {[%clk 0:57:26]} 37. Rc4 {[%clk 0:41:41]} Rbc8
{[%clk 0:57:28]} 38. Rec1 {[%clk 0:41:16]} Rxc4 {[%clk 0:56:11]} 39. Rxc4
{[%clk 0:41:40]} Kh7 {[%clk 0:55:01]} 40. Kf3 {[%clk 1:11:44]} g5
{[%clk 1:24:58]} 41. f5 {[%clk 1:11:03]} Ng7 {[%clk 1:24:35]} 42. Ke4
{[%clk 1:10:54]} Kg8 {[%clk 1:24:21]} 43. Rc6 {[%clk 1:08:44]} Rb8
{[%clk 1:24:33]} 44. d5 {[%clk 1:07:26]} Kf8 {[%clk 1:24:18]} 45. d6
{[%clk 1:03:14]} Ke8 {[%clk 1:23:28]} 46. g4 {[%clk 1:03:04]} h4 {[%clk 1:23:35]}
47. Kd5 {[%clk 1:02:19]} Kd8 {[%clk 1:20:07]} 48. e6 {[%clk 1:01:39]} fxe6+
{[%clk 1:19:41]} 49. fxe6 {[%clk 1:02:01]} Rb7 {[%clk 1:18:54]} 50. Nd4
{[%clk 0:58:34]} Ne8 {[%clk 1:18:46]} 51. Ke5 {[%clk 0:57:47]} Rb8
{[%clk 1:16:05]} 52. d7 {[%clk 0:56:36]} Nc7 {[%clk 1:15:57]} 53. Kd6
{[%clk 0:56:47]} Nd5 {[%clk 1:16:08]} 54. Kxd5 {[%clk 0:56:54]} Ke7
{[%clk 1:16:15]} 55. Nf5+ Kf6 {[%clk 1:16:15]} 56. e7+ {[%clk 0:57:24]} Kf7
{[%clk 1:16:40]} 57. d8=Q {[%clk 0:57:37]} Rxd8+ {[%clk 1:17:01]} 58. exd8=Q
{[%clk 0:57:49]} b5 {[%clk 1:17:15]} 59. Rf6# {[%clk 0:58:11]} 1-0

[Event "IMP Kobiet do lat 20"]
[Site "Chotowa"]
[Date "2023.10.31"]
[Round "4.11"]
[White "Michalska, Lena"]
[Black "Labedz, Gabriela"]
[Result "1/2-1/2"]
[BlackElo "1547"]
[WhiteElo "1636"]
[LiveChessVersion "1.4.8"]

1. d4 {[%clk 1:30:59]} d5 {[%clk 1:30:54]} 2. c4 {[%clk 1:31:22]} e6
{[%clk 1:31:18]} 3. Nc3 {[%clk 1:31:42]} c6 {[%clk 1:31:42]} 4. cxd5
{[%clk 1:29:55]} exd5 {[%clk 1:32:05]} 5. Bf4 {[%clk 1:30:19]} Bd6
{[%clk 1:30:35]} 6. Bg3 {[%clk 1:30:09]} Nf6 {[%clk 1:29:41]} 7. e3
{[%clk 1:30:14]} Bf5 {[%clk 1:27:08]} 8. Bd3 {[%clk 1:30:07]} Bg6
{[%clk 1:25:37]} 9. Nge2 {[%clk 1:30:05]} Qe7 {[%clk 1:20:42]} 10. Bxg6
{[%clk 1:10:54]} hxg6 {[%clk 1:20:20]} 11. Qb3 {[%clk 1:10:55]} Bxg3
{[%clk 1:15:56]} 12. Nxg3 {[%clk 1:11:17]} Na6 {[%clk 1:15:04]} 13. Rc1
{[%clk 0:59:24]} Rb8 {[%clk 1:06:43]} 14. a3 {[%clk 0:52:05]} Nc7
{[%clk 1:02:33]} 15. Nce2 {[%clk 0:47:31]} Qd7 {[%clk 0:58:36]} 16. Nf4
{[%clk 0:43:34]} Nh5 {[%clk 0:51:02]} 17. Ngxh5 {[%clk 0:35:19]} gxh5
{[%clk 0:51:17]} 18. Nd3 {[%clk 0:35:41]} O-O {[%clk 0:48:50]} 19. Qd1
{[%clk 0:26:10]} Qf5 {[%clk 0:44:58]} 20. h3 {[%clk 0:25:58]} Ne6
{[%clk 0:39:54]} 21. Ne5 {[%clk 0:22:33]} Rfe8 {[%clk 0:36:56]} 22. Rg1
{[%clk 0:15:52]} Nxd4 {[%clk 0:28:02]} 23. Nxf7 {[%clk 0:16:14]} Nb5
{[%clk 0:26:16]} 24. a4 {[%clk 0:15:18]} Qxf7 {[%clk 0:25:25]} 25. axb5
{[%clk 0:15:43]} cxb5 {[%clk 0:24:30]} 26. Rc5 {[%clk 0:13:24]} Rbd8
{[%clk 0:23:24]} 27. Rxb5 {[%clk 0:11:59]} a6 {[%clk 0:22:26]} 28. Rb4
{[%clk 0:11:39]} Qe7 {[%clk 0:21:04]} 29. Qb3 {[%clk 0:08:51]} Qc7
{[%clk 0:17:28]} 30. g3 {[%clk 0:06:14]} b5 {[%clk 0:16:05]} 31. Kf1
{[%clk 0:06:10]} Rf8 {[%clk 0:14:10]} 32. Kg2 {[%clk 0:06:12]} Qf7
{[%clk 0:13:58]} 33. Rf4 {[%clk 0:06:36]} Qe6 {[%clk 0:14:00]} 34. Rd4
{[%clk 0:04:43]} Qf5 {[%clk 0:13:35]} 35. Rf1 {[%clk 0:04:33]} Qf3+
{[%clk 0:12:51]} 36. Kh2 {[%clk 0:04:33]} g5 {[%clk 0:09:53]} 37. Qc2
{[%clk 0:04:03]} Qf5 {[%clk 0:09:03]} 38. Qxf5 {[%clk 0:03:42]} Rxf5
{[%clk 0:09:27]} 39. g4 {[%clk 0:03:42]} hxg4 {[%clk 0:09:19]} 40. Rxg4
{[%clk 0:33:36]} Kf7 {[%clk 0:38:18]} 41. Kg3 {[%clk 0:32:59]} Rc8
{[%clk 0:36:36]} 42. Rb4 {[%clk 0:18:20]} Rc4 {[%clk 0:36:01]} 43. Rb3
{[%clk 0:18:41]} d4 {[%clk 0:34:46]} 44. exd4 {[%clk 0:13:00]} Rxd4
{[%clk 0:34:37]} 45. Ra1 {[%clk 0:13:24]} Rf6 {[%clk 0:33:09]} 46. f3
{[%clk 0:12:49]} Rd2 {[%clk 0:31:32]} 47. Raa3 {[%clk 0:10:22]} Kg6
{[%clk 0:29:44]} 48. Rb4 {[%clk 0:10:35]} Kh5 {[%clk 0:27:09]} 49. Rc3
{[%clk 0:06:26]} Rf5 {[%clk 0:26:09]} 50. Rc6 {[%clk 0:04:54]} Rd3
{[%clk 0:24:15]} 51. Rxa6 {[%clk 0:03:52]} Rdxf3+ {[%clk 0:24:14]} 1/2-1/2

[Event "IMP Kobiet do lat 20"]
[Site "Chotowa"]
[Date "2023.10.31"]
[Round "4.12"]
[White "Woytitzki, Maja"]
[Black "Szopa, Emilia"]
[Result "0-1"]
[BlackElo "1706"]
[WhiteElo "1295"]
[LiveChessVersion "1.4.8"]

1. c4 {[%clk 1:30:58]} Nf6 {[%clk 1:30:01]} 2. Nc3 {[%clk 1:31:18]} e5
{[%clk 1:28:24]} 3. Nf3 {[%clk 1:31:40]} d6 {[%clk 1:26:11]} 4. e4
{[%clk 1:26:42]} g6 {[%clk 1:19:33]} 5. g3 {[%clk 1:23:03]} Bg7 {[%clk 1:18:29]}
6. Bg2 {[%clk 1:18:22]} O-O {[%clk 1:17:33]} 7. O-O {[%clk 1:16:32]} Nc6
{[%clk 1:14:26]} 8. d3 {[%clk 1:09:51]} h6 {[%clk 1:06:21]} 9. h3
{[%clk 1:07:29]} Be6 {[%clk 0:59:50]} 10. Be3 {[%clk 1:06:06]} Qd7
{[%clk 0:58:11]} 11. Nd5 {[%clk 1:03:06]} Kh7 {[%clk 0:51:37]} 12. Kh2
{[%clk 1:02:45]} Ne7 {[%clk 0:51:23]} 13. Qd2 {[%clk 0:58:11]} Nfg8
{[%clk 0:48:54]} 14. Ng1 {[%clk 0:55:41]} c6 {[%clk 0:46:31]} 15. Nxe7
{[%clk 0:55:30]} Nxe7 {[%clk 0:45:55]} 16. f4 {[%clk 0:51:15]} f5
{[%clk 0:43:35]} 17. fxe5 {[%clk 0:49:08]} dxe5 {[%clk 0:42:17]} 18. Rad1
{[%clk 0:48:27]} Rad8 {[%clk 0:40:28]} 19. Qe2 {[%clk 0:48:16]} b6
{[%clk 0:39:29]} 20. Rd2 {[%clk 0:47:11]} f4 {[%clk 0:38:18]} 21. gxf4
{[%clk 0:46:08]} exf4 {[%clk 0:38:23]} 22. Bf2 {[%clk 0:45:01]} Bxc4
{[%clk 0:37:39]} 23. Qd1 {[%clk 0:32:30]} c5 {[%clk 0:34:34]} 24. Nf3
{[%clk 0:31:09]} Ba6 {[%clk 0:26:05]} 25. Rg1 {[%clk 0:26:09]} Nc6
{[%clk 0:25:21]} 26. Bh4 {[%clk 0:19:59]} Rde8 {[%clk 0:24:19]} 27. Bf1
{[%clk 0:18:40]} Nd4 {[%clk 0:22:02]} 28. Rdg2 {[%clk 0:16:46]} Re6
{[%clk 0:18:40]} 29. Bf2 {[%clk 0:14:17]} Nxf3+ {[%clk 0:16:53]} 30. Qxf3
{[%clk 0:14:32]} Rd6 {[%clk 0:15:12]} 31. Be2 {[%clk 0:08:53]} Bxd3
{[%clk 0:11:26]} 32. h4 {[%clk 0:03:00]} Bxe2 {[%clk 0:11:09]} 33. Qxe2
{[%clk 0:03:08]} f3 {[%clk 0:10:35]} 34. Qf1 {[%clk 0:01:44]} fxg2
{[%clk 0:10:40]} 35. Qxg2 {[%clk 0:02:01]} Be5+ {[%clk 0:10:23]} 36. Kh1
{[%clk 0:02:22]} Rxf2 {[%clk 0:10:36]} 37. Qxf2 {[%clk 0:02:06]} Qh3+
{[%clk 0:10:56]} 38. Qh2 {[%clk 0:02:30]} Qxh2# {[%clk 0:11:19]} 0-1

[Event "IMP Kobiet do lat 20"]
[Site "Chotowa"]
[Date "2023.10.31"]
[Round "5.1"]
[White "Goraj, Barbara"]
[Black "Starosta, Martyna"]
[Result "1-0"]
[BlackElo "2180"]
[WhiteElo "2135"]
[LiveChessVersion "1.4.8"]

1. c4 {[%clk 1:30:57]} Nf6 {[%clk 1:25:45]} 2. Nc3 {[%clk 1:30:33]} e6
{[%clk 1:25:24]} 3. Nf3 {[%clk 1:29:38]} Bb4 {[%clk 1:25:17]} 4. Qb3
{[%clk 1:20:21]} c5 {[%clk 1:25:25]} 5. a3 {[%clk 1:16:46]} Ba5 {[%clk 1:25:11]}
6. e4 {[%clk 1:01:24]} d6 {[%clk 1:14:34]} 7. d3 {[%clk 0:56:13]} Nc6
{[%clk 1:13:35]} 8. Be3 {[%clk 0:55:46]} Ng4 {[%clk 1:09:48]} 9. Be2
{[%clk 0:54:31]} Qf6 {[%clk 1:02:22]} 10. Bg5 {[%clk 0:44:21]} Qg6
{[%clk 0:54:33]} 11. Bd2 {[%clk 0:40:16]} O-O {[%clk 0:50:39]} 12. Nb5
{[%clk 0:33:28]} Nge5 {[%clk 0:38:52]} 13. Bxa5 {[%clk 0:25:52]} Qxg2
{[%clk 0:35:21]} 14. O-O-O {[%clk 0:25:54]} Nxa5 {[%clk 0:34:01]} 15. Qc3
{[%clk 0:24:46]} Nxf3 {[%clk 0:33:14]} 16. Bxf3 {[%clk 0:22:47]} Qxf3
{[%clk 0:33:31]} 17. Qxa5 {[%clk 0:20:51]} Bd7 {[%clk 0:32:17]} 18. Qc7
{[%clk 0:15:49]} Bxb5 {[%clk 0:30:28]} 19. cxb5 {[%clk 0:16:12]} Qf4+
{[%clk 0:30:25]} 20. Kb1 {[%clk 0:15:16]} b6 {[%clk 0:27:17]} 21. h4
{[%clk 0:15:05]} Rfc8 {[%clk 0:24:37]} 22. Qd7 {[%clk 0:14:43]} d5
{[%clk 0:21:23]} 23. Qb7 {[%clk 0:14:47]} Rab8 {[%clk 0:13:14]} 24. Qxa7
{[%clk 0:14:08]} dxe4 {[%clk 0:13:40]} 25. Qa4 {[%clk 0:11:48]} c4
{[%clk 0:10:35]} 26. dxc4 {[%clk 0:11:52]} Qxf2 {[%clk 0:09:30]} 27. Rhf1
{[%clk 0:11:53]} Qe2 {[%clk 0:08:32]} 28. Rfe1 {[%clk 0:10:24]} Qxc4
{[%clk 0:06:24]} 29. Rd8+ {[%clk 0:10:40]} 1-0

[Event "IMP Kobiet do lat 20"]
[Site "Chotowa"]
[Date "2023.10.31"]
[Round "5.2"]
[White "Hertlein, Irena"]
[Black "Barwinska, Ewa"]
[Result "0-1"]
[BlackElo "1974"]
[WhiteElo "1952"]
[LiveChessVersion "1.4.8"]

1. c4 {[%clk 1:30:53]} c5 {[%clk 1:30:39]} 2. Nf3 {[%clk 1:30:56]} Nc6
{[%clk 1:30:20]} 3. d4 {[%clk 1:31:02]} cxd4 {[%clk 1:30:38]} 4. Nxd4
{[%clk 1:31:26]} Nf6 {[%clk 1:29:52]} 5. Nc3 {[%clk 1:31:11]} e6 {[%clk 1:29:38]}
6. g3 {[%clk 1:30:58]} Bc5 {[%clk 1:22:14]} 7. Nc2 {[%clk 1:09:02]} Qb6
{[%clk 1:19:19]} 8. e3 {[%clk 1:04:58]} Ne5 {[%clk 1:17:40]} 9. Be2
{[%clk 1:02:50]} Qc6 {[%clk 1:04:45]} 10. O-O {[%clk 1:00:39]} b6
{[%clk 1:00:17]} 11. b4 {[%clk 0:43:29]} Bb7 {[%clk 0:58:38]} 12. f3
{[%clk 0:43:03]} Be7 {[%clk 0:57:56]} 13. Qd4 {[%clk 0:39:40]} d6
{[%clk 0:52:27]} 14. e4 {[%clk 0:34:10]} O-O {[%clk 0:48:34]} 15. Bb2
{[%clk 0:32:40]} Rfd8 {[%clk 0:41:56]} 16. Ne3 {[%clk 0:29:27]} Ng6
{[%clk 0:39:37]} 17. Rfd1 {[%clk 0:25:00]} h5 {[%clk 0:37:22]} 18. Bf1
{[%clk 0:21:04]} h4 {[%clk 0:33:05]} 19. Bg2 {[%clk 0:17:55]} Nh5
{[%clk 0:30:21]} 20. Kf2 {[%clk 0:14:19]} Qc7 {[%clk 0:22:29]} 21. Ne2
{[%clk 0:13:46]} Bf6 {[%clk 0:20:46]} 22. Qd2 {[%clk 0:14:15]} Bxb2
{[%clk 0:20:42]} 23. Qxb2 {[%clk 0:14:44]} Qe7 {[%clk 0:18:14]} 24. Rd2
{[%clk 0:12:36]} Rac8 {[%clk 0:16:32]} 25. Qa3 {[%clk 0:09:19]} Bxe4
{[%clk 0:07:05]} 26. fxe4 {[%clk 0:02:12]} Qf6+ {[%clk 0:07:23]} 27. Bf3
{[%clk 0:02:04]} Ne5 {[%clk 0:05:56]} 28. Nd4 {[%clk 0:01:14]} Nxf3
{[%clk 0:05:36]} 29. Ng4 {[%clk 0:01:34]} Qg5 {[%clk 0:05:07]} 30. Nxf3
{[%clk 0:00:50]} hxg3+ {[%clk 0:05:23]} 31. hxg3 {[%clk 0:01:15]} Qxg4
{[%clk 0:05:44]} 32. Rg1 {[%clk 0:00:40]} Nf6 {[%clk 0:05:03]} 33. Ke1
{[%clk 0:00:35]} Qxe4+ {[%clk 0:05:17]} 34. Re2 {[%clk 0:00:42]} Qxc4
{[%clk 0:05:31]} 35. Qxa7 {[%clk 0:00:51]} Qxb4+ {[%clk 0:05:14]} 36. Kf2
{[%clk 0:01:21]} Qg4 {[%clk 0:04:08]} 37. Rge1 {[%clk 0:00:43]} Rc3
{[%clk 0:03:53]} 38. Qb7 {[%clk 0:00:51]} Nd5 {[%clk 0:03:14]} 39. Nd2
{[%clk 0:00:34]} Rxg3 {[%clk 0:02:37]} 0-1

[Event "IMP Kobiet do lat 20"]
[Site "Chotowa"]
[Date "2023.10.31"]
[Round "5.3"]
[White "Zabrzanska, Weronika"]
[Black "Waszczuk, Patrycja"]
[Result "1/2-1/2"]
[BlackElo "2248"]
[WhiteElo "1915"]
[LiveChessVersion "1.4.8"]

1. e4 {[%clk 1:30:57]} e5 {[%clk 1:30:57]} 2. Nf3 {[%clk 1:31:17]} d6
{[%clk 1:31:23]} 3. d4 {[%clk 1:30:03]} Nd7 {[%clk 1:31:49]} 4. Bc4
{[%clk 1:29:14]} exd4 {[%clk 1:32:05]} 5. Nxd4 {[%clk 1:25:52]} Ngf6
{[%clk 1:32:10]} 6. Nc3 {[%clk 1:25:30]} g6 {[%clk 1:29:46]} 7. O-O
{[%clk 1:24:57]} Bg7 {[%clk 1:29:59]} 8. Bf4 {[%clk 1:20:52]} O-O
{[%clk 1:29:51]} 9. Qd2 {[%clk 1:20:06]} Re8 {[%clk 1:28:39]} 10. Rfe1
{[%clk 1:18:39]} Ne5 {[%clk 1:21:43]} 11. Bb3 {[%clk 1:15:41]} a6
{[%clk 1:15:28]} 12. Rad1 {[%clk 1:13:54]} Bg4 {[%clk 1:06:38]} 13. f3
{[%clk 1:07:36]} Bd7 {[%clk 1:04:40]} 14. Nde2 {[%clk 1:03:08]} Be6
{[%clk 0:52:25]} 15. Bxe5 {[%clk 0:56:47]} dxe5 {[%clk 0:52:08]} 16. Bxe6
{[%clk 0:56:30]} fxe6 {[%clk 0:51:26]} 17. Qxd8 {[%clk 0:52:52]} Raxd8
{[%clk 0:51:40]} 18. Rxd8 {[%clk 0:49:06]} Rxd8 {[%clk 0:52:06]} 19. Rd1
{[%clk 0:46:51]} Rd6 {[%clk 0:48:51]} 20. Nc1 {[%clk 0:44:36]} Kf7
{[%clk 0:42:51]} 21. Nb3 {[%clk 0:43:02]} b6 {[%clk 0:38:58]} 22. a4
{[%clk 0:40:37]} Ke7 {[%clk 0:38:26]} 23. Kf2 {[%clk 0:36:47]} Ne8
{[%clk 0:34:35]} 24. a5 {[%clk 0:35:36]} Bh6 {[%clk 0:30:14]} 25. Ke2
{[%clk 0:29:53]} Rxd1 {[%clk 0:26:27]} 26. Nxd1 {[%clk 0:28:46]} Nd6
{[%clk 0:26:14]} 27. Kd3 {[%clk 0:28:37]} Kd7 {[%clk 0:23:31]} 28. Nc3
{[%clk 0:27:04]} c5 {[%clk 0:19:04]} 29. Na1 {[%clk 0:22:37]} b5 {[%clk 0:14:18]}
30. b4 {[%clk 0:18:26]} Nb7 {[%clk 0:09:29]} 31. Na2 {[%clk 0:17:08]} Kc6
{[%clk 0:01:24]} 32. c3 {[%clk 0:14:48]} Bf8 {[%clk 0:01:23]} 33. Nc2
{[%clk 0:14:57]} c4+ {[%clk 0:01:05]} 34. Ke2 {[%clk 0:15:07]} h5
{[%clk 0:01:03]} 35. Ne1 {[%clk 0:10:49]} Bh6 {[%clk 0:01:24]} 36. g3
{[%clk 0:10:00]} Nd6 {[%clk 0:01:18]} 37. Ng2 {[%clk 0:10:02]} g5
{[%clk 0:01:14]} 38. h4 {[%clk 0:02:54]} g4 {[%clk 0:01:04]} 39. Ne3
{[%clk 0:01:34]} gxf3+ {[%clk 0:01:12]} 40. Kxf3 {[%clk 0:32:02]} Kd7
{[%clk 0:31:00]} 41. Nc1 {[%clk 0:32:11]} Ne8 {[%clk 0:28:08]} 42. Ne2
{[%clk 0:31:01]} Ke7 {[%clk 0:27:49]} 43. Ng1 {[%clk 0:30:59]} Kf6
{[%clk 0:26:05]} 44. Nh3 {[%clk 0:30:39]} Kg6 {[%clk 0:21:59]} 45. Nf2
{[%clk 0:30:24]} Nf6 {[%clk 0:21:25]} 46. Nfd1 {[%clk 0:28:46]} Nd7
{[%clk 0:19:45]} 47. Nb2 {[%clk 0:27:38]} Bf8 {[%clk 0:19:03]} 48. Nbd1
{[%clk 0:21:48]} Be7 {[%clk 0:19:13]} 49. Nc2 {[%clk 0:19:55]} Nf6
{[%clk 0:18:33]} 1/2-1/2

[Event "IMP Kobiet do lat 20"]
[Site "Chotowa"]
[Date "2023.10.31"]
[Round "5.4"]
[White "Smietanska, Wiktoria"]
[Black "Siekanska, Maria"]
[Result "1/2-1/2"]
[BlackElo "2065"]
[WhiteElo "2071"]
[LiveChessVersion "1.4.8"]

1. e4 {[%clk 1:30:58]} c5 {[%clk 1:30:55]} 2. Nf3 {[%clk 1:31:21]} e6
{[%clk 1:31:21]} 3. d4 {[%clk 1:31:42]} cxd4 {[%clk 1:31:46]} 4. Nxd4
{[%clk 1:32:04]} Nc6 {[%clk 1:31:56]} 5. Nxc6 {[%clk 1:27:00]} bxc6
{[%clk 1:32:10]} 6. c4 {[%clk 1:27:01]} Nf6 {[%clk 1:31:22]} 7. Bd3
{[%clk 1:24:03]} e5 {[%clk 1:28:10]} 8. O-O {[%clk 1:22:48]} Bc5 {[%clk 1:27:48]}
9. Nc3 {[%clk 1:22:26]} d6 {[%clk 1:26:41]} 10. h3 {[%clk 1:17:41]} O-O
{[%clk 1:23:52]} 11. Qe2 {[%clk 1:11:11]} Be6 {[%clk 1:19:05]} 12. Be3
{[%clk 1:06:10]} Bxe3 {[%clk 1:08:13]} 13. Qxe3 {[%clk 1:06:28]} Nh5
{[%clk 1:06:34]} 14. Ne2 {[%clk 1:01:33]} Qf6 {[%clk 1:03:23]} 15. b3
{[%clk 0:57:39]} Nf4 {[%clk 1:02:42]} 16. Bc2 {[%clk 0:49:50]} Rad8
{[%clk 0:54:39]} 17. Rfe1 {[%clk 0:43:04]} g6 {[%clk 0:46:42]} 18. Rad1
{[%clk 0:39:27]} h5 {[%clk 0:39:02]} 19. Kh2 {[%clk 0:29:46]} c5 {[%clk 0:34:14]}
20. Qf3 {[%clk 0:25:57]} Kg7 {[%clk 0:25:47]} 21. Nxf4 {[%clk 0:14:29]} exf4
{[%clk 0:26:00]} 22. Qe2 {[%clk 0:13:35]} Qe5 {[%clk 0:25:10]} 23. Kg1
{[%clk 0:11:51]} g5 {[%clk 0:22:11]} 24. Qd3 {[%clk 0:08:30]} Rg8
{[%clk 0:20:53]} 25. a3 {[%clk 0:07:49]} g4 {[%clk 0:17:55]} 26. h4
{[%clk 0:07:53]} g3 {[%clk 0:17:24]} 27. fxg3 {[%clk 0:07:13]} fxg3
{[%clk 0:16:26]} 28. Re3 {[%clk 0:07:09]} Kf8 {[%clk 0:11:19]} 29. Rf1
{[%clk 0:06:10]} Rg6 {[%clk 0:09:17]} 30. Qc3 {[%clk 0:04:48]} Ke7
{[%clk 0:08:52]} 31. Bd1 {[%clk 0:04:00]} Bg4 {[%clk 0:08:15]} 32. Bc2
{[%clk 0:03:38]} Bc8 {[%clk 0:05:31]} 33. Bd1 {[%clk 0:03:52]} Bg4
{[%clk 0:02:25]} 34. Bc2 {[%clk 0:04:09]} Qd4 {[%clk 0:02:07]} 35. Rfe1
{[%clk 0:00:54]} Qxc3 {[%clk 0:01:18]} 36. Rxc3 {[%clk 0:01:23]} Be6
{[%clk 0:01:24]} 37. Bd1 {[%clk 0:01:33]} Rg7 {[%clk 0:01:25]} 38. Ree3
{[%clk 0:01:12]} Rdg8 39. Rcd3 {[%clk 0:00:41]} 1/2-1/2